00241 a2200109 4500001000700000020000600007040001100013100002100024240004100045245003600086362000900122179575 a  cMagnum aBirchal, Ydernea10a... assim comeca tudo outra vezlpor10a... assim comeca tudo outra vez0 a1899